Дело по отношению Рижского военного губернатора, Лифляндского, Эстляндского и Курляндского генерал-губернатора о дозволении курл...

Доступно только в Электронных читальных залах Найти на картеНа карте
RUSMARC
00003783nmc2a22000003x 450
001d84823b1-54fe-4d4e-af24-076502ff6b11
00520180710194506.0
100##$a20160927l18491849k l0rusy0189 ca
1010#$arus
102##$aRU
2001#$aДело по отношению Рижского военного губернатора, Лифляндского, Эстляндского и Курляндского генерал-губернатора о дозволении курляндскому дворянину барону Теодору фон дер Остен Сакену отправиться за границу
$j28 марта - 18 мая 1849 г.
251##$cДело
300##$aДело
801#0$aRU
$bРГИА
$c20160927
$gRCR
801#1$aRU
$bГлавНИВЦ
$c20160927
$2rusmarc
801#2$aRU
$bПБ им. Б.Н. Ельцина
$c20180710
$gRCR
$2rusmarc
850##$aРГИА
852##$aРГИА
$eФедеральное казенное учреждение "Российский государственный исторический архив" (РГИА)
$j212
937##$hРГИА
$d12214169
$aASBIBLIO_SCAN
462#0$10011f2612a5-dcc7-4853-9c3b-606260869072
$12001
$a1848-1849 гг. Дела Департамента полиции исполнительной МВД за 1849 г.
$1251
$cОпись
$1852
$j11
461#0$10013e300ed0-cd39-49af-8489-5ba5b90fa401
$12001
$aДепартамент полиции исполнительной МВД
$1251
$cФонд
$1852
$j1286
215##$a11 л.
$d36,5х26 см
371##$aДокумент не является опубликованным и широко распространяемым
105##$ay###
1222#$ad
035##$ad84823b1-54fe-4d4e-af24-076502ff6b11
856##$uhttp://readingroom.main.prlib.ru/item.aspx?id_node=n117012462&mode=full
Формат отображения